00315 2200121 4500245008700000250001100087100001900098650001600117005001900133260001800152041001400170336000900184 aLAPORAN KARYA SISWAb : PRODUK BAHAN PANGAN LOKAL IMDONESIAcDESYIFA TRI P.hText aCet. 1 aDESYIFA TRI P. aKarya Siswa a20240829111046 aJakartac2024 aIndonesia atext